| 000 | 00507nam a2200169 i 4500 | ||
|---|---|---|---|
| 001 | 50613 | ||
| 003 | ES-MaACL | ||
| 005 | 20251115063234.0 | ||
| 007 | t| | ||
| 008 | 030805s1932 sp ||||1| spa d | ||
| 100 | 0 |
_aChacón y Calvo, José María, _d1893-1969 _937770 |
|
| 245 | 1 | 3 |
_aEl Consejo de Indias y la historia de América / _cJosé María Chacón y Calvo. |
| 260 |
_aSantander : _b[s.n.], _c1932. |
||
| 300 |
_a40 p. ; _c24 cm. |
||
| 852 |
_aES-MaACL _j1768-F-4 |
||
| 999 |
_c50613 _d50613 |
||